Statystyki dla Najmniej odwiedzane państwa na świecie

Kliknij tutaj aby rozwiązać quiz!

Ogólne statystyki

  • Ten quiz został rozwiązany 52 razy
  • Średni wynik to 8 z 20

Statystyki odpowiedzi

Ilość turystówPaństwo% Poprawnych
1200Tuvalu
67%
160Nauru
58%
4600Wyspy Marshalla
58%
24400Wyspy Salomona
56%
35000Mikronezja
53%
13300
Afganistan
49%
400Somalia
49%
6000Kiribati
44%
45000Tonga
44%
10000
Wyspy Świętego Tomasza
i Książęca
40%
21000Komory
36%
35000Mauretania
33%
6250Libia
29%
56000Gwinea
27%
5700Gwinea Równikowa
24%
24000Liberia
24%
8700Turkmenistan
24%
7500Gwinea Bissau
18%
44000Sierra Leone
18%
60000Liechtenstein
13%

Rozkład punktacji

Percentyl według liczby udzielonych odpowiedzi

Procent ludzi z każdym wynikiem

Twoja historia wyników

Nie rozwiązałeś tego quizu